| 000 | 00402nam a2200169Ia 4500 | ||
|---|---|---|---|
| 008 | 210210b1966 xxu||||| |||| 00| 0 eng d | ||
| 041 | _aeng | ||
| 082 | _a536/1 | ||
| 100 | _aANDERSON (David L) | ||
| 245 | _aDiscovery of the electron | ||
| 260 |
_aToronto _bD Van Nostrand Co _c1966 |
||
| 300 | _avi,138 | ||
| 650 | _aelectron | ||
| 650 | _aDiscovery | ||
| 690 | _aElectronics | ||
| 906 | _a008799 | ||
| 999 |
_c126608 _d126608 |
||